Statistics for European Football Stadiums

Click here to take the quiz!

General Stats

  • This quiz has been taken 30 times
  • The average score is 19 of 24

Answer Stats

HintAnswer% Correct
Wembley StadiumLondon
100%
Johan Cruyff ArenaAmsterdam
96%
AnfieldLiverpool
96%
Allianz ArenaMunich
96%
Camp NouBarcelona
92%
Old TraffordManchester
92%
Stadio Giuseppe Meazza (San Siro)Milan
92%
OlympiastadionBerlin
88%
Stadio OlimpicoRome
88%
Metropolitano StadiumMadrid
85%
Luzhniki StadiumMoscow
85%
Stadio Diego Armando MaradonaNaples
85%
Millenium StadiumCardiff
81%
Villa ParkBirmingham
77%
Atatürk Olympic StadiumIstanbul
77%
Stade VélodromeMarseille
77%
Murrayfield StadiumEdinburgh
73%
Estádio do DragãoPorto
73%
Aviva StadiumDublin
69%
NSC OlimpiyskiyKiev
65%
De KuipRotterdam
65%
Krestovsky StadiumSt. Petersburg
50%
Ernst Happel StadionVienna
38%
UlleviGothenburg
31%

Score Distribution

Percentile by Number Answered

Percent of People with Each Score

Your Score History

You have not taken this quiz